• 首页
  • 本馆介绍
  • 公告通知
  • 最新文献
  • 馆藏检索
  • 电子资源
  • 读者导购
  • 参考咨询
  • 我的图书馆
  • 登录
  • 详细信息显示
  • 放入我的书架
  • 预约/预借图书
  • 作者相关作品
  • 分类相关作品
  • 丛书相关作品
  • 出版社相关作品

书目信息

  • 表格格式
  • 工作单格式
  • 卡片格式
题名:
花鸟画谱
    
 
作者: 宁佳录 编著
分册:  
出版信息: 北京   中国和平出版社  1995
页数: 81页
开本: 26cm
丛书名: 画谱丛书
单 册:
中图分类: J211.27
科图分类:
主题词: 花鸟画-技法(美术) , 技法(美术)-花鸟画
电子资源:
ISBN: 7-80101-448-0
000 00724nam2 2200265 45
001 0197010447
005 20060404142410.26
010    @a7-80101-448-0@b精装@dCNY23.00
100    @a19970414d1995 em y0chiy0121 ea
101 0  @achi
102    @aCN@b110000
105    @aa z 000yy
200 10 @a花鸟画谱@Ahua niao hua pu@f宁佳录编著@Fning jia lu bian zhu
210    @a北京@c中国和平出版社@d1995
215    @a81页@d26cm
225 2  @a画谱丛书
304    @a宁佳录(1960~ ),画家
410  0 @120010@a画谱丛书
540 1  @a画谱@Ahua pu
606    @a花鸟画-技法(美术)
606    @a技法(美术)-花鸟画
690    @aJ211.27@v4
701  0 @a宁佳录@Aning jia lu@4编著
801  0 @aCN@bNLC@c20060404
905    @dJ211.27@e121
    
    花鸟画谱/宁佳录编著.-北京:中国和平出版社,1995
    81页;26cm.-(画谱丛书)
    
    
    ISBN 7-80101-448-0(精装):CNY23.00
    
●
相关链接 在E读中查询图书 在五车中查询图书 在当当中查询图书 在豆瓣中查询图书


正题名:花鸟画谱     索取号:J211.27/121         预约/预借

序号 登录号 条形码 馆藏地/架位号 状态 备注
1 0274765   202232645   密集书库/ [索取号:J211.27/121] 在馆    
2 0274766   001654800   第一借阅区/ [索取号:J211.27/121] 在馆    
3 0274767   000796730   第一样本阅览室/ [索取号:J211.27/121] 在馆    
唐山师范学院图书馆 欢迎您!
大连网信软件有限公司© 版权所有